I. G. Farben / Richard Sasuly ; [ze stejnojmenného amerického originálu přeložili Olga Kořánová a A. J. Šťastný ; předmluvu napsal Claude Pepper ; doslov napsal Herbert Ungar]
Record details
- Physical Description: 257 s.
- Publisher: Praha : Práce, 1950
Search for related items by series
Available copies
- 1 of 1 copy available at Common Catalog SPOK.
Holds
- 0 current holds with 1 total copy.
Show Only Available Copies
| Location | Call Number / Copy Notes | Barcode | Shelving Location | Status | Due Date |
|---|---|---|---|---|---|
| Terezin Initiative Institute | 2363 | 4594302363 | Knihovna ITI | Available | - |
| LDR | 01022cam a22002777a 4500 | ||
|---|---|---|---|
| 001 | 26060 | ||
| 003 | CZ-PrJAB | ||
| 005 | 20220825124005.0 | ||
| 008 | 050530s1950 xr ||||gr|||||||||0|cze|d | ||
| 015 | . | ‡acnb000677915 | |
| 035 | . | ‡a(CONS)868 | |
| 035 | . | ‡a(CZ PrSKC)000325320 | |
| 035 | . | ‡a(OCoLC)85437344 | |
| 040 | . | ‡aABD103 ‡bcze ‡cABC013 ‡dABD103 | |
| 100 | 1 | . | ‡aSasuly, Richard ‡4aut |
| 245 | 1 | 0. | ‡aI. G. Farben / ‡cRichard Sasuly ; [ze stejnojmenného amerického originálu přeložili Olga Kořánová a A. J. Šťastný ; předmluvu napsal Claude Pepper ; doslov napsal Herbert Ungar] |
| 260 | . | ‡aPraha : ‡bPráce, ‡c1950 | |
| 300 | . | ‡a257 s. | |
| 490 | 1 | . | ‡aTvář století |
| 700 | 1 | . | ‡aKořánová, Olga ‡7jk01061874 ‡4trl |
| 700 | 1 | . | ‡aŠťastný, Alois Josef, ‡d1901-1979 ‡7jk01131103 ‡4trl |
| 700 | 1 | . | ‡aPepper, Claude, ‡d1900-1989 ‡7kup19970000075569 ‡4aui |
| 700 | 1 | . | ‡aUngar, Herbert ‡4aui |
| 830 | 0. | ‡aTvář století | |
| 852 | 4 | . | ‡bJACH-ITI ‡bJACH-ITI ‡cKnihovna ITI ‡j2363 ‡p2363 ‡y$0.00 |
| 910 | . | ‡aABE340 ‡b2363 | |
| 995 | . | ‡askok | |
| 901 | . | ‡a26060 ‡bSystem ‡c26060 ‡tbiblio | |